000 00634nam a2200217Ii 4500
001 10329
003 CO-ViMGA
008 241108s9999||||xx |||||||||||||| ||und||
020 _a8437250250
040 _aCO-ViMGA
_bspa
_erda
_cCO-ViMGA
041 0 _aunk
084 _aLI-161
100 1 _aJean Pierre Verdet
_955287
245 1 0 _a<El> cielo, el sol y el día
264 1 _a[Lugar de publicación no identificado] : Ediciones Altea, 1987
300 _avolumen
336 _atext
_btxt
_2rdacontent
337 _aunmediated
_bn
_2rdamedia
338 _avolume
_bnc
_2rdacarrier
940 _aidficha_siabuc: 10091. -- ficha_no_siabuc:10329
999 _c52767
_d52767